[Event "World Rapid Team 2023"]
[Site "Dusseldorf GER"]
[Date "2023.08.27"]
[Round "5.13"]
[Board "1"]
[White "Fromm, Marius"]
[Black "Yelisieiev, Yevhenii"]
[Result "1/2-1/2"]
[WhiteTitle "FM"]
[BlackTitle "IM"]
[WhiteElo "2458"]
[BlackElo "2401"]
[WhiteTeam "Doppelbauer Kiel"]
[BlackTeam "Deutsche Schachjugend 1"]
[WhiteFideId "12993190"]
[BlackFideId "14139642"]
[EventDate "2023.08.26"]

1. e4 d6 2. d4 Nf6 3. Nc3 e5 4. Nf3 Nbd7 5. Bc4 Be7 6. O-O O-O 7. Re1 c6 8. a4
a5 9. h3 Nb6 10. Bf1 exd4 11. Nxd4 d5 12. e5 Ne8 13. Nce2 g6 14. Bh6 Ng7 15. Nf4
Re8 16. g4 Bg5 17. Bxg5 Qxg5 18. Nd3 h5 19. Nf3 Qe7 20. Nh2 Nd7 21. f4 Nc5 22.
c3 Bd7 23. Bg2 Rad8 24. Qf3 Nxd3 25. Qxd3 Qh4 26. Qf3 hxg4 27. hxg4 f5 28. Qh3
Qxh3 29. Bxh3 Ne6 30. Rf1 g5 31. gxf5 Nxf4 32. Rxf4 gxf4 33. e6 Bc8 34. Kf2 d4
35. Ng4 Kg7 36. Rg1 dxc3 37. bxc3 Rd2+ 38. Kf3 Rh8 39. Kxf4 Kf8 40. Bf1 Rd1 41.
Ke5 Rh5 42. Nf6 Re1+ 43. Kf4 Rh4+ 44. Kf3 Bxe6 45. fxe6 Rxe6 46. Ng4 Rg6 47. Kf4
Kg7 48. Be2 Kh8 49. Rb1 Rg7 50. Rd1 Rh3 51. Rd8+ Rg8 52. Rxg8+ Kxg8 53. Bf3 b5
54. Bxc6 bxa4 55. Bxa4 Rxc3 56. Ne3 Ra3 57. Bc6 1/2-1/2

[Event "World Rapid Team 2023"]
[Site "Dusseldorf GER"]
[Date "2023.08.27"]
[Round "5.13"]
[Board "2"]
[White "Sidletskyi, Ivan"]
[Black "Arndt, Magnus"]
[Result "1-0"]
[WhiteTitle "CM"]
[BlackTitle "FM"]
[WhiteElo "2354"]
[BlackElo "2405"]
[WhiteTeam "Deutsche Schachjugend 1"]
[BlackTeam "Doppelbauer Kiel"]
[WhiteFideId "14156024"]
[BlackFideId "12998656"]
[EventDate "2023.08.26"]

1. e4 e5 2. Nf3 Nc6 3. Bc4 Nf6 4. Ng5 d5 5. exd5 Na5 6. Bb5+ c6 7. dxc6 bxc6 8.
Bd3 Ng4 9. Ne4 f5 10. Be2 h5 11. h3 fxe4 12. hxg4 Bc5 13. Nc3 Qd4 14. O-O O-O
15. Qe1 hxg4 16. d3 Rxf2 17. Qxf2 Qxf2+ 18. Rxf2 exd3 19. Bxd3 g3 20. Ne4 gxf2+
21. Kf1 Bb6 22. b4 Nb7 23. Bb2 Bf5 24. Rd1 a5 25. Nxf2 Rf8 26. Ke2 Bxf2 27. Bxf5
Rxf5 28. Rf1 Bd4 29. Rxf5 Bxb2 30. bxa5 Nxa5 31. Kd3 Nb7 32. c3 e4+ 33. Kc2 Ba3
34. Re5 Nc5 35. Re8+ Kf7 36. Ra8 Nd3 37. Rxa3 Ne1+ 38. Kd2 Nxg2 39. Ra4 e3+ 40.
Ke2 g5 41. Rg4 Nf4+ 42. Kxe3 Nd5+ 43. Kd4 Kf6 44. a4 Kf5 45. Rg1 g4 46. a5 Nf4
47. Ke3 Nd5+ 48. Kf2 Nxc3 49. a6 Nb5 50. Rb1 Na7 51. Rb7 Nc8 52. Rc7 Nd6 53. a7
Nb5 54. Rf7+ 1-0

[Event "World Rapid Team 2023"]
[Site "Dusseldorf GER"]
[Date "2023.08.27"]
[Round "5.13"]
[Board "3"]
[White "Ermitsch, Magnus"]
[Black "Gloeckler, Christian"]
[Result "0-1"]
[WhiteTitle "FM"]
[BlackTitle "FM"]
[WhiteElo "2221"]
[BlackElo "2318"]
[WhiteTeam "Doppelbauer Kiel"]
[BlackTeam "Deutsche Schachjugend 1"]
[WhiteFideId "16234464"]
[BlackFideId "34608966"]
[EventDate "2023.08.26"]

1. e4 c6 2. Nf3 d5 3. Nc3 dxe4 4. Nxe4 Nf6 5. Qe2 Nxe4 6. Qxe4 Qd5 7. Qf4 Qf5 8.
Qe3 Nd7 9. Bd3 Qc5 10. b3 Qxe3+ 11. fxe3 e5 12. Bb2 f6 13. O-O-O Bd6 14. h3 Nc5
15. Be2 Ne4 16. Rhg1 Ng3 17. Rde1 b5 18. d4 e4 19. Nd2 a5 20. c4 Bd7 21. c5 Be7
22. Nf1 Nxe2+ 23. Rxe2 Be6 24. Ng3 Bd5 25. Rf1 g6 26. Nh1 a4 27. Kc2 h5 28. g4
hxg4 29. hxg4 axb3+ 30. axb3 Kd7 31. Ng3 Rh4 32. Rf4 g5 33. Rf1 Rxg4 34. Nh5 Rf8
35. Ref2 Rh4 36. Nxf6+ Rxf6 37. Rxf6 Bxf6 38. Rxf6 Rh2+ 39. Kc1 g4 40. Rg6 Rg2
41. Bc3 Rg1+ 42. Kd2 g3 43. Ke2 Bxb3 44. Be1 Bc4+ 45. Kd2 g2 46. Bf2 Ra1 47.
Rxg2 b4 48. Kc2 Ra2+ 49. Kb1 b3 50. Rg7+ Ke6 0-1

[Event "World Rapid Team 2023"]
[Site "Dusseldorf GER"]
[Date "2023.08.27"]
[Round "5.13"]
[Board "4"]
[White "Haug, Havard"]
[Black "Stegert, Jonas"]
[Result "1-0"]
[WhiteTitle "CM"]
[WhiteElo "2199"]
[BlackElo "1832"]
[WhiteTeam "Deutsche Schachjugend 1"]
[BlackTeam "Doppelbauer Kiel"]
[WhiteFideId "1547887"]
[BlackFideId "16247965"]
[EventDate "2023.08.26"]

1. e4 e5 2. Nf3 Nf6 3. d4 Nxe4 4. Bd3 d5 5. Nxe5 Bd6 6. Nc3 Nxc3 7. bxc3 Nd7 8.
f4 O-O 9. O-O g6 10. c4 dxc4 11. Nxc4 Be7 12. c3 c5 13. Be3 cxd4 14. Bxd4 Bc5
15. Be2 Bxd4+ 16. Qxd4 Qf6 17. Nd6 Qxd4+ 18. cxd4 Nb6 19. Bf3 Rd8 20. Nxb7 Bxb7
21. Bxb7 Rab8 22. Bf3 Rxd4 23. g3 Rc8 24. Rf2 Rcd8 25. Re2 Rd2 26. Kf2 Kg7 27.
a4 a5 28. Bc6 Rxe2+ 29. Kxe2 Rc8 30. Bb5 Rc2+ 31. Kd3 Rxh2 32. Kd4 Rc2 33. Re1
Ra2 34. Re7 Nxa4 35. Bc4 Rg2 36. Bxf7 Kf6 37. Ra7 Rxg3 38. Bc4 h5 39. Rf7# 1-0

[Event "World Rapid Team 2023"]
[Site "Dusseldorf GER"]
[Date "2023.08.27"]
[Round "5.13"]
[Board "5"]
[White "Vollbehr, Bjarne"]
[Black "Groeschel, Karoline"]
[Result "1-0"]
[WhiteElo "1871"]
[BlackElo "1934"]
[WhiteTeam "Doppelbauer Kiel"]
[BlackTeam "Deutsche Schachjugend 1"]
[WhiteFideId "34606025"]
[BlackFideId "34610537"]
[EventDate "2023.08.26"]

1. d4 Nf6 2. c4 e6 3. Nf3 d5 4. g3 dxc4 5. Bg2 c5 6. O-O Nc6 7. dxc5 Qxd1 8.
Rxd1 Bxc5 9. Nbd2 c3 10. bxc3 O-O 11. Nb3 Be7 12. Nbd4 Nxd4 13. cxd4 Nd5 14. Bd2
f5 15. Ne5 Rd8 16. Rac1 Bf8 17. Rc2 b6 18. Rc6 Rb8 19. Rdc1 Ne7 20. e3 Nxc6 21.
Nxc6 Ba6 22. Nxb8 Rxb8 23. Rc7 Bc4 24. Rxc4 1-0

[Event "World Rapid Team 2023"]
[Site "Dusseldorf GER"]
[Date "2023.08.27"]
[Round "5.14"]
[Board "1"]
[White "Dyachuk, Artem"]
[Black "Elier, Ali"]
[Result "1-0"]
[WhiteTitle "FM"]
[WhiteElo "2242"]
[BlackElo "2187"]
[WhiteTeam "Chess Wizzards"]
[BlackTeam "Wensing & Poebel"]
[WhiteFideId "34107924"]
[BlackFideId "16217543"]
[EventDate "2023.08.26"]

1. e4 e5 2. Nf3 Nc6 3. Bc4 Nf6 4. d3 Bc5 5. O-O d6 6. c3 a5 7. Nbd2 O-O 8. h3
Kh8 9. Re1 Be6 10. Bb5 Bd7 11. Nf1 Ng8 12. d4 exd4 13. cxd4 Bb6 14. Ne3 Nxd4 15.
Nxd4 Bxd4 16. Qxd4 Bxb5 17. b3 Qf6 18. Qd2 Qg6 19. Bb2 Bc6 20. Nf5 f6 21. Qf4
Rae8 22. Re3 Re6 23. Rae1 Qe8 24. Qg4 g6 25. Nd4 Re7 26. h4 Bd7 27. Qg3 Nh6 28.
Qf4 Ng4 29. Rg3 Ne5 30. Qd2 a4 31. Qc3 Kg8 32. h5 b5 33. f4 Ng4 34. hxg6 Rxe4
35. gxh7+ Kh8 36. Rf1 b4 37. Qd2 a3 38. Ba1 c5 39. Nf3 Re2 40. Qxd6 Qe3+ 41. Kh1
Rf7 42. Qb8+ Qe8 43. Qxe8+ Rxe8 44. Ng5 Rff8 45. Kg1 Re2 46. Rd1 Rb2 47. Bxb2
axb2 48. Nf3 Bf5 49. Nh4 Bc2 50. Re1 Kxh7 51. Rxg4 Re8 52. Rxe8 b1=Q+ 53. Kh2
Qxa2 54. Re7+ Kh6 55. f5 Bxf5 56. Nxf5+ Kh5 57. Reg7 Qf2 58. Ng3+ Kh6 59. R4g6# 1-0

[Event "World Rapid Team 2023"]
[Site "Dusseldorf GER"]
[Date "2023.08.27"]
[Round "5.14"]
[Board "2"]
[White "Wensing, Maximilian"]
[Black "Korchynskyi, Mykola"]
[Result "0-1"]
[WhiteElo "2171"]
[BlackElo "2016"]
[WhiteTeam "Wensing & Poebel"]
[BlackTeam "Chess Wizzards"]
[WhiteFideId "16222415"]
[BlackFideId "34138005"]
[EventDate "2023.08.26"]

1. c4 e6 2. Nf3 Nf6 3. g3 d5 4. Bg2 Be7 5. O-O O-O 6. b3 b6 7. Bb2 Bb7 8. e3
Nbd7 9. cxd5 exd5 10. Nd4 Ne4 11. d3 Nd6 12. Nc3 c6 13. Rc1 Rc8 14. Re1 Bf6 15.
Nde2 Re8 16. Nf4 Ne5 17. Bh3 Rb8 18. Nh5 c5 19. Bg2 d4 20. exd4 cxd4 21. Nxf6+
Qxf6 22. Nd5 Bxd5 23. Bxd5 Qf5 24. Be4 Nxe4 25. Rxe4 Nxd3 26. Rxe8+ Rxe8 27. Qc2
Qf3 28. Rf1 Ne1 0-1

[Event "World Rapid Team 2023"]
[Site "Dusseldorf GER"]
[Date "2023.08.27"]
[Round "5.14"]
[Board "3"]
[White "Kliashtornyi, Arkadii"]
[Black "Leonard, Timo"]
[Result "1-0"]
[WhiteElo "1975"]
[BlackElo "2223"]
[WhiteTeam "Chess Wizzards"]
[BlackTeam "Wensing & Poebel"]
[WhiteFideId "34119698"]
[BlackFideId "16208757"]
[EventDate "2023.08.26"]

1. d4 d5 2. Nf3 Nf6 3. g3 Bf5 4. Bg2 c6 5. Nh4 Be4 6. f3 Bg6 7. O-O e6 8. e4 Be7
9. e5 Nfd7 10. Nxg6 hxg6 11. f4 c5 12. c4 Nb6 13. cxd5 Nxd5 14. Nc3 Nc6 15. Nxd5
exd5 16. Be3 cxd4 17. Bxd4 Qa5 18. Kh1 Rd8 19. e6 Nxd4 20. Qxd4 Bf6 21. Qe3 O-O
22. e7 Bxe7 23. Qxe7 Rfe8 24. Qa3 Qb6 25. Qb3 Qa5 26. Rad1 d4 27. Qa3 Qb5 28.
Rd2 Rd6 29. Qxd6 1-0

[Event "World Rapid Team 2023"]
[Site "Dusseldorf GER"]
[Date "2023.08.27"]
[Round "5.14"]
[Board "4"]
[White "Kracht, Raphael"]
[Black "Tarasenko, Nazar"]
[Result "1-0"]
[WhiteElo "2158"]
[BlackElo "1888"]
[WhiteTeam "Wensing & Poebel"]
[BlackTeam "Chess Wizzards"]
[WhiteFideId "16214382"]
[BlackFideId "34161430"]
[EventDate "2023.08.26"]

1. e4 c5 2. d4 cxd4 3. c3 dxc3 4. Nxc3 d6 5. Bc4 e6 6. Nf3 Be7 7. O-O Nf6 8. Qe2
O-O 9. Rd1 Nbd7 10. e5 dxe5 11. Nxe5 a6 12. Bf4 Qa5 13. Nxf7 Rxf7 14. Qxe6 Qh5
15. Qxe7 Nf8 16. Rd8 Nd7 17. Bd6 1-0

[Event "World Rapid Team 2023"]
[Site "Dusseldorf GER"]
[Date "2023.08.27"]
[Round "5.14"]
[Board "5"]
[White "Nechitaylo, Lev"]
[Black "Kesselmeier, Kevin"]
[Result "0-1"]
[WhiteElo "1462"]
[BlackElo "2011"]
[WhiteTeam "Chess Wizzards"]
[BlackTeam "Wensing & Poebel"]
[WhiteFideId "34141383"]
[BlackFideId "16217551"]
[EventDate "2023.08.26"]

1. d4 d5 2. c4 e6 3. Nc3 Bb4 4. cxd5 exd5 5. Qa4+ Nc6 6. Bf4 Nf6 7. e3 O-O 8.
Qc2 Re8 9. Nf3 Bg4 10. O-O-O Bxc3 11. Qxc3 Ne4 12. Qc2 Nb4 13. Qb3 a5 14. a3
Nxf2 15. axb4 Nxh1 16. Qc2 axb4 17. Kb1 b3 18. Qxb3 Nf2 19. Bd3 Nxd1 20. Qxd1
Qf6 21. Be5 Rxe5 22. dxe5 Qxe5 23. h3 Bxf3 24. Qxf3 c5 25. e4 c4 26. Bc2 d4 27.
Qf5 Qxf5 28. exf5 Re8 0-1

[Event "World Rapid Team 2023"]
[Site "Dusseldorf GER"]
[Date "2023.08.27"]
[Round "5.14"]
[Board "6"]
[White "Moeller, Lisa-Marie"]
[Black "Shynkar, Daria"]
[Result "1-0"]
[WhiteElo "1899"]
[BlackElo "1318"]
[WhiteTeam "Wensing & Poebel"]
[BlackTeam "Chess Wizzards"]
[WhiteFideId "12959367"]
[BlackFideId "34163212"]
[EventDate "2023.08.26"]

1. e4 c5 2. Nf3 Nc6 3. Bb5 e6 4. O-O a6 5. Bxc6 bxc6 6. d3 Be7 7. b3 Nf6 8. Bb2
O-O 9. Nbd2 Bb7 10. h3 d5 11. Ne5 Nd7 12. Nxd7 Qxd7 13. Qg4 f6 14. Rae1 d4 15.
Nc4 Rad8 16. Nb6 Qd6 17. Ba3 e5 18. Na4 Qc7 19. Bxc5 Qd7 20. Qxd7 Rxd7 21. Nb6
Rc7 22. Bxe7 Rxe7 23. Nc4 Rd8 24. f4 Bc8 25. Rf3 h6 26. Nb6 Rb7 27. Nc4 Re7 28.
fxe5 fxe5 29. Ref1 Rde8 30. Kf2 Rd8 31. Ke1 Bd7 32. Kd2 Bc8 33. Kc1 Bd7 34. Kb2
Bc8 35. Ka3 Bd7 36. Kb2 Bc8 37. a4 Bd7 38. Ka2 Bc8 39. Rb1 c5 40. Ka3 Bd7 41.
Rb2 Rb8 42. b4 cxb4+ 43. Rxb4 Rxb4 44. Kxb4 Bc8 45. Nd6 Be6 46. Ka5 Bd7 47. Nc4
Bc8 48. Rf1 Bd7 49. Nb6 Be8 50. Kxa6 Re6 51. Ka5 Re7 52. Kb4 Rb7 53. a5 Ra7 54.
Rf5 Re7 55. a6 g6 56. Rf6 Ra7 57. Ka5 Kg7 58. Re6 Kf7 59. Rxe5 Bc6 60. Rc5 Be8
61. Nd5 Kf8 62. Rc7 Ra8 63. a7 1-0

[Event "World Rapid Team 2023"]
[Site "Dusseldorf GER"]
[Date "2023.08.27"]
[Round "5.15"]
[Board "1"]
[White "Van Dael, Siem"]
[Black "Rendle, Thomas E"]
[Result "1-0"]
[WhiteTitle "FM"]
[BlackTitle "IM"]
[WhiteElo "2285"]
[BlackElo "2385"]
[WhiteTeam "Blerickse Schaakvereniging"]
[BlackTeam "The Sharks"]
[WhiteFideId "1049771"]
[BlackFideId "408760"]
[EventDate "2023.08.26"]

1. e4 e6 2. d4 d5 3. Nc3 Nf6 4. Bg5 Be7 5. e5 Nfd7 6. h4 Bxg5 7. hxg5 Qxg5 8.
Nf3 Qe7 9. Bd3 a6 10. Ne2 c5 11. c3 Nc6 12. a3 cxd4 13. cxd4 Nb6 14. Ng3 g6 15.
Nf1 f5 16. exf6 Qxf6 17. Ne3 O-O 18. Ng4 Qf4 19. Rh4 Kg7 20. Nge5 Nxe5 21. dxe5
Qf7 22. Rxh7+ Kxh7 23. Ng5+ Kg7 24. Nxf7 Rxf7 25. Qg4 Nc4 26. Qxg6+ Kf8 27. Bxc4
dxc4 28. Qh6+ Ke8 29. Qh8+ Rf8 30. Qh5+ Kd7 31. Qh7+ Kc6 32. Qe7 1-0

[Event "World Rapid Team 2023"]
[Site "Dusseldorf GER"]
[Date "2023.08.27"]
[Round "5.15"]
[Board "2"]
[White "Roberson, Peter T"]
[Black "Heinert, Eugen"]
[Result "1-0"]
[WhiteTitle "IM"]
[WhiteElo "2433"]
[BlackElo "2121"]
[WhiteTeam "The Sharks"]
[BlackTeam "Blerickse Schaakvereniging"]
[WhiteFideId "412384"]
[BlackFideId "24621390"]
[EventDate "2023.08.26"]

1. e4 e6 2. d4 d5 3. e5 c5 4. c3 Nc6 5. Nf3 Nge7 6. Na3 cxd4 7. cxd4 Nf5 8. Nc2
Qb6 9. Bd3 Nb4 10. Nxb4 Bxb4+ 11. Kf1 Bd7 12. g4 Nh6 13. h3 Bb5 14. Kg2 Bxd3 15.
Qxd3 Ng8 16. Be3 Bf8 17. Rhc1 Ne7 18. b4 Nc6 19. b5 Na5 20. Nd2 Be7 21. Rc2 O-O
22. Rac1 Bb4 23. Nb3 Nc4 24. Rxc4 dxc4 25. Qxc4 Ba3 26. Rc2 Qd8 27. Nc5 Rc8 28.
Qb3 Bxc5 29. dxc5 Qd7 30. Rd2 Qc7 31. Rd6 Rfd8 32. Qd3 h6 33. a4 Qa5 34. g5 hxg5
35. Bxg5 Re8 36. Qd4 Qe1 37. Rd7 Qb1 38. Rxb7 Qg6 39. Qg4 Rxc5 40. Rxa7 Rxe5 41.
Be3 Qd3 42. Bd4 Qe4+ 43. Kh2 Qxg4 44. hxg4 Re4 45. Be3 Rxg4 46. b6 Rb8 47. a5
Rb4 48. Kg3 f6 49. Re7 e5 50. a6 Kf8 51. Rc7 f5 52. Bc5+ 1-0

[Event "World Rapid Team 2023"]
[Site "Dusseldorf GER"]
[Date "2023.08.27"]
[Round "5.15"]
[Board "3"]
[White "Krause, Thomas"]
[Black "Moreby, James"]
[Result "0-1"]
[BlackTitle "FM"]
[WhiteElo "2100"]
[BlackElo "2279"]
[WhiteTeam "Blerickse Schaakvereniging"]
[BlackTeam "The Sharks"]
[WhiteFideId "4696670"]
[BlackFideId "427756"]
[EventDate "2023.08.26"]

1. c4 c6 2. Nf3 d5 3. e3 Nf6 4. d4 g6 5. b3 Bg7 6. Nc3 O-O 7. Bd3 dxc4 8. bxc4
Nbd7 9. O-O Re8 10. e4 c5 11. e5 Ng4 12. h3 cxd4 13. hxg4 dxc3 14. Bf4 Nc5 15.
Bc2 Bxg4 16. Qe2 Ne6 17. Qe3 Bxf3 18. gxf3 Qd4 19. Bg3 Qxc4 20. Bb3 Qc6 21. Rac1
Rac8 22. Rfd1 Red8 23. Rxd8+ Nxd8 24. Qxa7 Qxf3 25. Qd4 Qc6 26. Rc2 Ne6 27. Qe3
Qc5 28. Qe4 Nd4 29. Rc1 c2 30. Kg2 Nxb3 31. axb3 Qc6 32. Qxc6 Rxc6 33. f4 f6 34.
Kf3 fxe5 35. fxe5 Bh6 0-1

[Event "World Rapid Team 2023"]
[Site "Dusseldorf GER"]
[Date "2023.08.27"]
[Round "5.15"]
[Board "4"]
[White "Bremner, Adam"]
[Black "Bergmans, Dirk"]
[Result "1-0"]
[WhiteTitle "CM"]
[WhiteElo "2176"]
[BlackElo "2015"]
[WhiteTeam "The Sharks"]
[BlackTeam "Blerickse Schaakvereniging"]
[WhiteFideId "2400847"]
[BlackFideId "1042327"]
[EventDate "2023.08.26"]

1. d4 d5 2. c4 e6 3. Nf3 a6 4. cxd5 exd5 5. Nc3 c6 6. Bg5 Nf6 7. e3 h6 8. Bh4
Be7 9. Bd3 O-O 10. h3 Ne4 11. Bxe7 Qxe7 12. Rc1 Bf5 13. Bxe4 Bxe4 14. Nxe4 dxe4
15. Nd2 f5 16. O-O Qf7 17. Qb3 Qxb3 18. Nxb3 Nd7 19. Nc5 Nxc5 20. Rxc5 Rad8 21.
Rfc1 Rd7 22. b4 Re7 23. g3 g5 24. d5 cxd5 25. Rxd5 Kg7 26. Rcd1 Kf6 27. Rd6+ Re6
28. Rd7 Rf7 29. Rd8 f4 30. exf4 gxf4 31. g4 e3 32. Re1 e2 33. f3 Rfe7 34. Kf2
Kg5 35. Rd5+ Kg6 36. h4 Re3 37. Rd2 a5 38. bxa5 Ra3 39. Rdxe2 Rxe2+ 40. Rxe2
Rxa5 41. Rb2 b5 42. Kg2 Kf6 43. Rc2 Ke5 44. Kh3 Kd4 45. g5 Kd3 46. Rg2 Ke3 47.
Kg4 h5+ 48. Kxh5 Kxf3 49. Rb2 Kg3 50. g6 f3 51. g7 b4+ 52. Kh6 Ra8 53. Rxb4 f2
54. Rb1 Kxh4 1-0

[Event "World Rapid Team 2023"]
[Site "Dusseldorf GER"]
[Date "2023.08.27"]
[Round "5.15"]
[Board "5"]
[White "Alonso, Jose Antonio"]
[Black "Ivanov, Elizabeth"]
[Result "1-0"]
[WhiteElo "1836"]
[BlackElo "1601"]
[WhiteTeam "Blerickse Schaakvereniging"]
[BlackTeam "The Sharks"]
[WhiteFideId "16213130"]
[BlackFideId "427284"]
[EventDate "2023.08.26"]

1. e4 e5 2. Nf3 Nc6 3. Bc4 Nf6 4. d3 Bc5 5. c3 Bb6 6. O-O h6 7. a4 O-O 8. h3 d6
9. Be3 Na5 10. Ba2 Be6 11. Bxe6 fxe6 12. b4 Bxe3 13. fxe3 Nc6 14. Nbd2 Qe8 15.
Qb3 a5 16. b5 Nd8 17. Rf2 Nh5 18. Kh2 Qg6 19. Nf1 c6 20. Raa2 Nf7 21. g4 Ng5 22.
gxh5 Nxf3+ 23. Rxf3 Qxh5 24. Qxe6+ Kh8 25. Rxf8+ Rxf8 26. Ng3 Qg5 27. Nf5 Rf6
28. Qe8+ Kh7 29. Rg2 Qh5 30. Rxg7# 1-0

[Event "World Rapid Team 2023"]
[Site "Dusseldorf GER"]
[Date "2023.08.27"]
[Round "5.16"]
[Board "1"]
[White "Helbig, Mark"]
[Black "Haasler, Andreas"]
[Result "1-0"]
[WhiteTitle "FM"]
[WhiteElo "2307"]
[BlackElo "2222"]
[WhiteTeam "Neustadt Weinstrasse"]
[BlackTeam "MagdeBurg and Friends"]
[WhiteFideId "4675622"]
[BlackFideId "4658906"]
[EventDate "2023.08.26"]

1. d4 e6 2. c4 d5 3. Nf3 Nf6 4. g3 Be7 5. Bg2 O-O 6. O-O a6 7. cxd5 exd5 8. Nc3
Nbd7 9. Ne5 c6 10. f4 Qb6 11. Kh1 Re8 12. b3 Bb4 13. Bb2 Nxe5 14. Na4 Qa7 15.
dxe5 Ng4 16. Bd4 c5 17. Bg1 b5 18. a3 Bxa3 19. Rxa3 bxa4 20. h3 Nh6 21. b4 Nf5
22. Bxc5 Nxg3+ 23. Rxg3 1-0

[Event "World Rapid Team 2023"]
[Site "Dusseldorf GER"]
[Date "2023.08.27"]
[Round "5.16"]
[Board "2"]
[White "Katz, Roland"]
[Black "Teuffer, Michael"]
[Result "1/2-1/2"]
[WhiteElo "2035"]
[BlackElo "2189"]
[WhiteTeam "MagdeBurg and Friends"]
[BlackTeam "Neustadt Weinstrasse"]
[WhiteFideId "4623916"]
[BlackFideId "24680427"]
[EventDate "2023.08.26"]

1. e4 c5 2. f4 Nc6 3. Nf3 g6 4. Nc3 Bg7 5. g3 d6 6. Bg2 e6 7. d3 Nge7 8. O-O O-O
9. h3 Nd4 10. Ne2 Nxf3+ 11. Bxf3 f5 12. c3 1/2-1/2

[Event "World Rapid Team 2023"]
[Site "Dusseldorf GER"]
[Date "2023.08.27"]
[Round "5.16"]
[Board "3"]
[White "Gaab, Wolfgang"]
[Black "Kuhne, Detlev"]
[Result "1/2-1/2"]
[WhiteElo "2060"]
[BlackElo "2050"]
[WhiteTeam "Neustadt Weinstrasse"]
[BlackTeam "MagdeBurg and Friends"]
[WhiteFideId "24679054"]
[BlackFideId "4642872"]
[EventDate "2023.08.26"]

1. d4 d5 2. Nf3 Nf6 3. Bf4 c6 4. c3 Qb6 5. Qb3 Bf5 6. Nbd2 e6 7. e3 Nbd7 8. Be2
Be7 9. h3 h6 10. O-O O-O 11. Rfc1 Ne4 12. Nxe4 Bxe4 13. Ne5 Nxe5 14. Bxe5 Qxb3 1/2-1/2

[Event "World Rapid Team 2023"]
[Site "Dusseldorf GER"]
[Date "2023.08.27"]
[Round "5.16"]
[Board "4"]
[White "Domsgen, Bernd"]
[Black "Schwarz, Dietmar"]
[Result "1-0"]
[WhiteElo "1917"]
[BlackElo "1833"]
[WhiteTeam "MagdeBurg and Friends"]
[BlackTeam "Neustadt Weinstrasse"]
[WhiteFideId "24629073"]
[BlackFideId "1271897"]
[EventDate "2023.08.26"]

1. e4 c6 2. d4 d5 3. e5 Bf5 4. g4 Bd7 5. f4 e6 6. Nf3 c5 7. c3 Nc6 8. Be3 cxd4
9. cxd4 Bb4+ 10. Nc3 Bxc3+ 11. bxc3 Rc8 12. Bd3 Na5 13. Bd2 Nc4 14. O-O Qa5 15.
Rc1 Qc7 16. f5 a6 17. Ng5 Nb2 18. Qf3 exf5 19. Bxf5 Bxf5 20. Qxf5 Nh6 21. Qc2
Nc4 22. Bf4 Qe7 23. e6 f6 24. Nxh7 Rc6 25. Qg6+ Kd8 26. Bxh6 gxh6 27. Rxf6 Qxh7
28. Rf8+ Rxf8 29. Qxh7 Rxe6 30. Qxb7 Nd2 31. Qxd5+ Ke7 32. Qc5+ Kf6 33. d5 Nf3+
34. Kf2 1-0

[Event "World Rapid Team 2023"]
[Site "Dusseldorf GER"]
[Date "2023.08.27"]
[Round "5.16"]
[Board "5"]
[White "Mader, Lena"]
[Black "Giebel, Christine"]
[Result "1-0"]
[WhiteElo "1841"]
[BlackElo "1830"]
[WhiteTeam "Neustadt Weinstrasse"]
[BlackTeam "MagdeBurg and Friends"]
[WhiteFideId "24653560"]
[BlackFideId "12926418"]
[EventDate "2023.08.26"]

1. c4 Nf6 2. g3 g6 3. Bg2 Bg7 4. Nf3 d6 5. Nc3 Nbd7 6. O-O O-O 7. Rb1 e5 8. d3
Re8 9. Qc2 Nf8 10. b4 c6 11. Bb2 Qc7 12. Rfc1 Bd7 13. a4 Rad8 14. b5 Ne6 15. Ba3
Nc5 16. bxc6 bxc6 17. Bxc5 dxc5 18. Rb3 Rb8 19. Rcb1 Rb6 20. Nd2 a5 21. Rxb6 1-0

[Event "World Rapid Team 2023"]
[Site "Dusseldorf GER"]
[Date "2023.08.27"]
[Round "5.17"]
[Board "1"]
[White "Lux, Hugo de Melo"]
[Black "Li, Yunqi"]
[Result "1-0"]
[WhiteTitle "FM"]
[WhiteElo "2324"]
[BlackElo "1659"]
[WhiteTeam "Ecole Polytechnique Francaise de Lausanne"]
[BlackTeam "Deutsche Schachjugend 2"]
[WhiteFideId "2138298"]
[BlackFideId "34610618"]
[EventDate "2023.08.26"]

1. e4 e6 2. Qe2 c5 3. b3 Nc6 4. Nf3 Nf6 5. e5 Nd5 6. Bb2 g6 7. Na3 Bg7 8. Nc4
O-O 9. g3 f6 10. Bg2 Qc7 11. exf6 Nxf6 12. O-O d5 13. Nce5 Ne4 14. d3 Nxe5 15.
Bxe5 Bxe5 16. Nxe5 Qxe5 17. dxe4 d4 18. f4 Qc7 19. e5 Bd7 20. Qg4 Rae8 21. h4
Bc6 22. h5 Bxg2 23. Kxg2 Qc6+ 24. Qf3 Qxf3+ 25. Kxf3 Kg7 26. Rh1 b5 27. a4 a6
28. axb5 axb5 29. Ra7+ Rf7 30. hxg6 1-0

[Event "World Rapid Team 2023"]
[Site "Dusseldorf GER"]
[Date "2023.08.27"]
[Round "5.17"]
[Board "2"]
[White "Lorenz, Veronika"]
[Black "Pak, Alexander"]
[Result "0-1"]
[WhiteElo "1668"]
[BlackElo "2170"]
[WhiteTeam "Deutsche Schachjugend 2"]
[BlackTeam "Ecole Polytechnique Francaise de Lausanne"]
[WhiteFideId "16277406"]
[BlackFideId "4164717"]
[EventDate "2023.08.26"]

1. e4 c5 2. Nf3 Nc6 3. Bb5 g6 4. Bxc6 dxc6 5. d3 Bg7 6. c3 e5 7. Be3 b6 8. O-O
Bg4 9. Na3 Nf6 10. Nc4 Bxf3 11. Qxf3 Qxd3 12. Nxe5 Qxe4 13. Qxe4 Nxe4 14. Bf4
O-O 15. Rfe1 Bxe5 16. Bxe5 f5 17. f3 Rfe8 18. fxe4 Rxe5 19. exf5 Rxf5 20. Re7
Rf7 21. Rae1 Rd8 22. h3 Rd2 23. R7e2 Rxe2 24. Rxe2 Rd7 25. Re6 Rd2 26. Rxc6 Rxb2
27. Rc8+ Kf7 28. Rc7+ Kf6 29. Rxa7 Rc2 30. Ra6 Rxc3 31. Rxb6+ Ke5 32. Rb7 Rc2
33. a4 Ra2 34. Rxh7 c4 35. Rc7 Kd4 36. Kf1 c3 37. Rd7+ Ke3 38. Re7+ Kd3 39. Rd7+
Kc2 40. Ke2 Rxa4 41. Rc7 Re4+ 42. Kf3 Rb4 43. Ke3 Rb6 44. Kd4 Rb4+ 45. Ke3 Rb8
46. Kd4 Kd2 47. Ke5 c2 48. Rd7+ Kc3 49. Rc7+ Kb2 50. Kf6 Rb6+ 51. Kg5 c1=Q+ 0-1